Zahranično-politické vzťahy Moldavskej republiky s Európskou úniou, USA, NATO a Ruskou federáciou
Zahranično-politické smerovanie Moldavska. Vzťahy EÚ a Moldavska. Vzťahy USA a Moldavska. Vzťahy NATO a Moldavska. Vzťahy Ruská federácia a Moldavsko.
Saved in:
| Main Author: | |
|---|---|
| Format: | Book Chapter |
| Language: | Slovak |
| Subjects: | |
| Tags: |
No Tags, Be the first to tag this record!
|
MARC
| LEADER | 00000naa$a2200000$$$4500 | ||
|---|---|---|---|
| 001 | 0076355 | ||
| 005 | 20240502071907.8 | ||
| 041 | 0 | |a slo | |
| 044 | |a SK | ||
| 245 | 1 | 0 | |a Zahranično-politické vzťahy Moldavskej republiky s Európskou úniou, USA, NATO a Ruskou federáciou |c Leonid Raneta |
| 520 | |a Zahranično-politické smerovanie Moldavska. Vzťahy EÚ a Moldavska. Vzťahy USA a Moldavska. Vzťahy NATO a Moldavska. Vzťahy Ruská federácia a Moldavsko. | ||
| 610 | 2 | 0 | |a Moldavsko |
| 610 | 2 | 0 | |a Európska únia |
| 610 | 2 | 0 | |a Rusko |
| 610 | 2 | 0 | |a politika bezpečnostná |
| 610 | 2 | 0 | |a politika zahraničná |
| 610 | 2 | 0 | |a vzťahy politické medzinárodné |
| 100 | 1 | |a Raneta, Leonid, 1982- | |